[Event "14. Lichtenberger Sommer"]
[Site "14. Lichtenberger Sommer"]
[Date "2015.08.16"]
[Round "2.86"]
[White "Kautz, Stefan"]
[Black "Tschirschwitz, Stephan"]
[Result "1-0"]
[WhiteElo "1919"]
[BlackElo "1551"]
[PlyCount "129"]
[EventDate "2015.??.??"]
[WhiteTeam "SC Empor Maulwurf Bonn"]
[BlackTeam "Lasker Steglitz-Wilmersdorf"]

1. d4 Nf6 2. Nf3 d5 3. Bf4 e6 4. h3 c5 5. e3 Nc6 6. c3 a6 7. Bd3 Bd6 8. Bg5 O-O
9. Nbd2 h6 10. Bh4 cxd4 11. exd4 Re8 12. O-O e5 13. dxe5 Nxe5 14. Nxe5 Bxe5 15.
Nf3 Bf4 16. Bxf6 Qxf6 17. Qc2 b5 18. Rfe1 Bb7 19. Re2 Rxe2 20. Bxe2 Rc8 21. Qd3
Bd6 22. a3 Bc5 23. Rd1 Bb6 24. Nd4 g6 25. Bf3 Qe5 26. Qe3 Qxe3 27. fxe3 Re8 28.
Kf2 f5 29. g3 Kf7 30. Nc2 Re5 31. Rd3 a5 32. b3 Ke6 33. Rd2 g5 34. Nd4+ Kf6 35.
Rd3 Bxd4 36. cxd4 Re6 37. Rc3 Rc6 38. Rc5 Rxc5 39. dxc5 Bc6 40. b4 axb4 41.
axb4 Ke5 42. Ke2 f4 43. gxf4+ gxf4 44. exf4+ Kxf4 45. Kf2 Ke5 46. Ke3 d4+ 47.
Kf2 Bxf3 48. Kxf3 Kd5 49. Ke2 h5 50. Kf3 Ke5 51. h4 Kf5 52. c6 Ke6 53. Ke4 Kd6
54. c7 Kxc7 55. Kxd4 Kc6 56. Ke5 Kd7 57. Kd5 Ke7 58. Kc5 Kf6 59. Kxb5 Kf5 60.
Kc5 Kg4 61. b5 Kxh4 62. b6 Kg4 63. b7 h4 64. b8=Q h3 65. Qh2 1-0

[Event "14. Lichtenberger Sommer"]
[Site "14. Lichtenberger Sommer"]
[Date "2015.08.16"]
[Round "2.87"]
[White "Bauer, Stefan"]
[Black "Bandsom, Olaf"]
[Result "0-1"]
[WhiteElo "1633"]
[BlackElo "1802"]
[PlyCount "130"]
[EventDate "2015.??.??"]
[WhiteTeam "SC Kreuzberg"]
[BlackTeam "SC Friesen Lichtenberg"]

1. Nf3 Nf6 2. d4 d5 3. Nbd2 g6 4. e3 Bg7 5. Be2 O-O 6. Ne5 Nfd7 7. f4 e6 8. O-O
c5 9. c3 Nc6 10. Qe1 cxd4 11. Nxc6 bxc6 12. cxd4 c5 13. Nf3 cxd4 14. exd4 Qb6
15. Qf2 Nf6 16. Kh1 Ne4 17. Qg1 Bb7 18. Bd3 Rfd8 19. a3 Rac8 20. Re1 Rc7 21.
Re2 Rdc8 22. Be3 Qb3 23. Qd1 Qb6 24. Bg1 Qd6 25. g3 Ba6 26. Ne5 f6 27. Nf3 Bc4
28. Bxc4 Rxc4 29. Be3 Qb6 30. Rb1 a6 31. Rg2 Qc6 32. h4 Qd6 33. Rc1 Rxc1 34.
Bxc1 Qd7 35. Be3 Nd6 36. Kh2 Nc4 37. Bg1 Rb8 38. Qa1 Qa4 39. Qe1 Kf7 40. Qc1
Rb7 41. g4 Qb3 42. Ne1 Nxb2 43. Qc6 Qb6 44. Qc5 Nc4 45. a4 Rc7 46. Qxb6 Nxb6
47. a5 Nc4 48. Ra2 Bf8 49. Nd3 Bd6 50. Kh3 Nxa5 51. Nc5 Nb7 52. Rxa6 Nxc5 53.
Rxd6 Ne4 54. Ra6 Rc3+ 55. Kh2 Rc2+ 56. Kh3 g5 57. Ra7+ Kg6 58. f5+ exf5 59. h5+
Kh6 60. gxf5 g4+ 61. Kh4 Rc3 62. Kxg4 Rg3+ 63. Kh4 Rxg1 64. Ra3 Nf2 65. Rg3
Rh1+ 0-1

[Event "14. Lichtenberger Sommer"]
[Site "14. Lichtenberger Sommer"]
[Date "2015.08.16"]
[Round "2.88"]
[White "Zesewitz, Martin"]
[Black "Kostanyan, Hakob"]
[Result "1/2-1/2"]
[WhiteElo "1873"]
[BlackElo "1583"]
[PlyCount "55"]
[EventDate "2015.??.??"]
[WhiteTeam "SF Friedrichshagen"]
[BlackTeam "SC Weisse Dame (Berlin)"]

1. f4 e6 2. Nf3 b6 3. d3 Bb7 4. e4 c5 5. Be2 d5 6. e5 d4 7. O-O Nh6 8. Ng5 Nd7
9. Bf3 Rb8 10. Bxb7 Rxb7 11. a4 a6 12. Nd2 Nxe5 13. Nxe6 fxe6 14. fxe5 Qd5 15.
Nc4 Nf5 16. Qf3 Qxf3 17. Rxf3 Be7 18. g4 Nh4 19. Rf2 Ng6 20. Bd2 Rf8 21. Rxf8+
Bxf8 22. c3 dxc3 23. bxc3 Rd7 24. Rb1 b5 25. axb5 axb5 26. Rxb5 Rxd3 27. Rb7
Rd5 28. Rb6 1/2-1/2

[Event "14. Lichtenberger Sommer"]
[Site "14. Lichtenberger Sommer"]
[Date "2015.08.16"]
[Round "2.89"]
[White "Winkler, Johannes"]
[Black "Scholta, Danilo"]
[Result "0-1"]
[WhiteElo "1540"]
[BlackElo "1861"]
[PlyCount "89"]
[EventDate "2015.??.??"]
[WhiteTeam "SF 1903 Berlin"]
[BlackTeam "SV Empor Berlin"]

1. d4 d5 2. Bf4 e6 3. Nf3 f5 4. e3 Nf6 5. Nbd2 Be7 6. Be2 O-O 7. c3 Ne4 8. h3
Nd7 9. Nxe4 fxe4 10. Ne5 c5 11. O-O c4 12. a4 Nxe5 13. Bxe5 Bf6 14. Bh2 Qe8 15.
Bh5 Qd8 16. a5 b5 17. axb6 Qxb6 18. Qc2 Bd7 19. Rfb1 Qc6 20. Bg4 Rfc8 21. Ra5
Bd8 22. Rc5 Qa6 23. Rxc8 Rxc8 24. Qd1 Qc6 25. Ra1 a5 26. Be5 a4 27. Qxa4 Qb7
28. Qa6 Qc6 29. Qxc6 Rxc6 30. Ra7 Bc8 31. Rxg7+ Kf8 32. Rxh7 Rb6 33. Rh8+ Ke7
34. Rh7+ Kf8 35. Bh5 Rxb2 36. Rh8+ Ke7 37. Rh7+ Kf8 38. Bd6+ Kg8 39. Rf7 Ba5
40. Rf8+ Kg7 41. Rxc8 Bxc3 42. Be5+ Kh6 43. Rh8+ Kg5 44. h4+ Kxh4 45. Bf6# 0-1

[Event "14. Lichtenberger Sommer"]
[Site "14. Lichtenberger Sommer"]
[Date "2015.08.16"]
[Round "2.90"]
[White "Bieber, Rainer"]
[Black "Radloff, Rainer"]
[Result "1-0"]
[WhiteElo "1745"]
[BlackElo "1667"]
[PlyCount "79"]
[EventDate "2015.??.??"]
[WhiteTeam "SV Empor Berlin"]
[BlackTeam "SC Weisse Dame e.V."]

1. e4 c5 2. Nf3 d6 3. d4 cxd4 4. Nxd4 e6 5. Nc3 a6 6. Bc4 Nf6 7. Bb3 Be7 8. g4
Nfd7 9. Bxe6 fxe6 10. Nxe6 Qa5 11. Nxg7+ Kd8 12. Ne6+ Ke8 13. Bd2 Qb6 14. Nd5
Qa7 15. Nec7+ Kd8 16. Be3 b6 17. Nxa8 Qxa8 18. Qe2 Nc5 19. f3 Nbd7 20. O-O-O
Bb7 21. Nxb6 Nxb6 22. Bxc5 Nc8 23. Qe3 h6 24. h4 Rh7 25. Qb3 Rh8 26. Be3 Rf8
27. Bxh6 Rxf3 28. Qxf3 Bxe4 29. Qf1 Bxh1 30. Qxh1 Qb8 31. Bd2 Bf6 32. b3 Qb5
33. Re1 Qc5 34. Qe4 Be5 35. Qb4 Qd5 36. Qa5+ Qxa5 37. Bxa5+ Ke7 38. Bc3 Kf6 39.
Bxe5+ dxe5 40. Kd2 1-0

[Event "14. Lichtenberger Sommer"]
[Site "14. Lichtenberger Sommer"]
[Date "2015.08.16"]
[Round "2.91"]
[White "Paris, Gerhard"]
[Black "Lagunow, Elina"]
[Result "0-1"]
[WhiteElo "1530"]
[BlackElo "1745"]
[PlyCount "76"]
[EventDate "2015.??.??"]
[WhiteTeam "TSG Oberschöneweide"]
[BlackTeam "BSV 63 Chemie Weißensee"]

1. e4 c5 2. Nc3 Nc6 3. g3 g6 4. Bg2 Bg7 5. d3 d6 6. Be3 Nf6 7. h3 O-O 8. Nge2
a6 9. Qd2 Rb8 10. Bh6 b5 11. Bxg7 Kxg7 12. h4 e5 13. Nd5 Nxd5 14. exd5 Nd4 15.
Nxd4 cxd4 16. h5 g5 17. Be4 f5 18. Bg2 h6 19. O-O-O b4 20. b3 Qa5 21. Kb1 Bb7
22. f4 g4 23. fxe5 dxe5 24. Qe2 Rbe8 25. Rh4 Bxd5 26. Rf1 Be6 27. Bc6 Rc8 28.
Ba4 Qc7 29. Re1 e4 30. dxe4 Qxg3 31. Rhh1 fxe4 32. Qxe4 Bf5 33. Qxd4+ Kg8 34.
Qd5+ Rf7 35. Rc1 Kf8 36. Bc6 Qc3 37. Rhf1 Bxc2+ 38. Rxc2 Rxf1+ 0-1

[Event "14. Lichtenberger Sommer"]
[Site "14. Lichtenberger Sommer"]
[Date "2015.08.16"]
[Round "2.92"]
[White "Grassi, Fabrizio"]
[Black "Koerber, Bernhard"]
[Result "1-0"]
[WhiteElo "1870"]
[BlackElo "1603"]
[PlyCount "97"]
[EventDate "2015.??.??"]
[WhiteTeam "SV Berlin-Friedrichstadt"]
[BlackTeam "Lasker Steglitz-Wilmersdorf"]

1. d4 Nf6 2. Bf4 g6 3. e3 Bg7 4. Nf3 O-O 5. Be2 d5 6. O-O Bf5 7. c4 c6 8. Nc3
Nbd7 9. h3 Ne4 10. cxd5 Nxc3 11. bxc3 cxd5 12. c4 dxc4 13. Bxc4 Nb6 14. Bb3 Rc8
15. Rc1 Rxc1 16. Qxc1 Qc8 17. Qxc8 Rxc8 18. Ng5 e6 19. e4 h6 20. Nxf7 Kxf7 21.
exf5 gxf5 22. Re1 Re8 23. Be5 Bxe5 24. Rxe5 Kf6 25. f4 Re7 26. Kf2 h5 27. g3 a6
28. a4 Nd7 29. Re3 Nf8 30. Ke2 Rd7 31. Kd3 b6 32. Bc4 a5 33. Re5 Rd6 34. d5 Nd7
35. Rxe6+ Rxe6 36. dxe6 Nc5+ 37. Kd4 Nxe6+ 38. Kd5 Nc5 39. Bb5 Ne4 40. Kc6 Nxg3
41. Kxb6 Ke6 42. Kxa5 h4 43. Kb6 Nh5 44. a5 Nxf4 45. Bc6 Kd6 46. a6 Ne6 47. a7
Nc7 48. Bf3 f4 49. Bc6 1-0

[Event "14. Lichtenberger Sommer"]
[Site "14. Lichtenberger Sommer"]
[Date "2015.08.16"]
[Round "2.93"]
[White "Alvarez, Luis"]
[Black "Hömke, Holger"]
[Result "1-0"]
[WhiteElo "1853"]
[BlackElo "1568"]
[PlyCount "77"]
[EventDate "2015.??.??"]
[WhiteTeam "Zug um Zug Everswinkel"]
[BlackTeam "SK Zehlendorf"]

1. e4 e6 2. d4 d5 3. e5 c5 4. c3 Qb6 5. Nf3 Nc6 6. Bd3 Bd7 7. dxc5 Bxc5 8. Qe2
f6 9. O-O O-O-O 10. b4 Be7 11. a4 fxe5 12. Nxe5 Nxe5 13. Qxe5 Bf6 14. Qe2 Qc7
15. Be3 Kb8 16. Rc1 e5 17. f3 Ne7 18. Na3 Nf5 19. Bf2 Bg5 20. Rc2 Rhf8 21. Nb5
Bxb5 22. axb5 b6 23. Bxf5 Rxf5 24. c4 dxc4 25. Rxc4 Qd6 26. g4 Rf7 27. Rc6 Qd5
28. Kg2 Rdf8 29. Bg3 Bf4 30. Rd1 Qb3 31. Bxf4 Rxf4 32. Qxe5+ Ka8 33. Rd8+ Rxd8
34. Qxf4 Qd5 35. Kg3 Qxb5 36. Qe4 Kb8 37. Qf4+ Ka8 38. Rc7 Qxb4 39. Qxb4 1-0

[Event "14. Lichtenberger Sommer"]
[Site "14. Lichtenberger Sommer"]
[Date "2015.08.16"]
[Round "2.94"]
[White "Bernstein, Jeremy"]
[Black "Kohlmeyer, Dagobert"]
[Result "1/2-1/2"]
[WhiteElo "1552"]
[BlackElo "1867"]
[PlyCount "112"]
[EventDate "2015.??.??"]
[WhiteTeam "SC Kreuzberg"]
[BlackTeam "SC Rochade (Berlin)"]

1. d4 Nf6 2. c4 g6 3. Nc3 d5 4. cxd5 Nxd5 5. e4 Nxc3 6. bxc3 Bg7 7. Bg5 O-O 8.
Rc1 h6 9. Be3 c5 10. d5 Qa5 11. Qd2 Kh7 12. c4 Qxd2+ 13. Kxd2 b6 14. Nf3 Rd8
15. Bd3 e6 16. Ke2 exd5 17. exd5 Bg4 18. Rhd1 Nd7 19. h3 Bxf3+ 20. Kxf3 f5 21.
Ke2 Nf6 22. a4 Kg8 23. Kf1 Kf7 24. Be2 g5 25. g3 Ne4 26. Kg2 Nc3 27. Bh5+ Kf8
28. Re1 Ne4 29. f3 Nf6 30. Bg6 Ng8 31. Bxf5 Ne7 32. Be4 Rd6 33. Bd2 Rad8 34.
Bc3 Bxc3 35. Rxc3 Rf6 36. Rce3 Nc8 37. Bd3 Kf7 38. Re6 Rxe6 39. Rxe6 Rd6 40.
Rxd6 Nxd6 41. Kf2 Kf6 42. Ke3 a6 43. f4 gxf4+ 44. Kxf4 b5 45. axb5 axb5 46.
cxb5 c4 47. Bc2 Nxb5 48. Ke4 Nc3+ 49. Kd4 Ne2+ 50. Kxc4 Nxg3 51. Kc5 Ke7 52.
Kc6 Kd8 53. Kd6 Ne2 54. Ke5 Nc3 55. h4 Nxd5 56. Kxd5 Ke7 1/2-1/2

[Event "14. Lichtenberger Sommer"]
[Site "14. Lichtenberger Sommer"]
[Date "2015.08.16"]
[Round "2.95"]
[White "Glasser, Timon"]
[Black "Allaart, Jesse"]
[Result "1-0"]
[WhiteElo "1720"]
[BlackElo "1546"]
[PlyCount "109"]
[EventDate "2015.??.??"]
[WhiteTeam "La Diagonale - Eybens"]
[BlackTeam "HMC Den Bosch"]

1. Nf3 Nf6 2. c4 Nc6 3. d4 d5 4. Nc3 e6 5. Bg5 Bb4 6. e3 Nb8 7. Qa4+ Nc6 8.
cxd5 exd5 9. Ne5 Bd7 10. Bb5 Bxc3+ 11. bxc3 Nxe5 12. dxe5 c6 13. Be2 h6 14.
exf6 hxg5 15. fxg7 Rg8 16. Qd4 f6 17. Bh5+ Ke7 18. f4 Qb6 19. Qd3 Rxg7 20. O-O
g4 21. f5 Rh8 22. Bg6 Qc7 23. g3 Qb6 24. Rf2 Qb5 25. Qd4 Qb6 26. Qf4 Qc5 27.
Rb1 b6 28. e4 dxe4 29. Re1 Rc8 30. Rxe4+ Kd8 31. Rd4 Re7 32. Qd2 Kc7 33. Rxg4
Qe5 34. h4 Qe1+ 35. Qxe1 Rxe1+ 36. Kh2 c5 37. h5 Bc6 38. Kh3 Rh1+ 39. Rh2 Rxh2+
40. Kxh2 Rd8 41. Rh4 Rd2+ 42. Kh3 Rd1 43. h6 Rd8 44. h7 Rh8 45. Bf7 Kd8 46. Kg4
Ke7 47. Bg8 Kf8 48. Rh6 Ke7 49. Kf4 Be8 50. g4 Bf7 51. Bxf7 Kxf7 52. g5 fxg5+
53. Kxg5 b5 54. Ra6 Ra8 55. Rxa7+ 1-0

[Event "14. Lichtenberger Sommer"]
[Site "14. Lichtenberger Sommer"]
[Date "2015.08.16"]
[Round "2.96"]
[White "Rehmsmeier, Marc"]
[Black "Bartoszewski-Reiski, Olaf"]
[Result "1-0"]
[WhiteElo "1649"]
[BlackElo "1383"]
[PlyCount "67"]
[EventDate "2015.??.??"]
[WhiteTeam "vereinslos"]
[BlackTeam "BKS Chemik Bydgoszcz"]

1. d4 Nf6 2. c4 g6 3. Nc3 Bg7 4. e4 d6 5. Nf3 O-O 6. Be2 b6 7. O-O c5 8. d5 Ne8
9. Qc2 f5 10. Bd3 fxe4 11. Bxe4 Nf6 12. Bd3 Na6 13. a3 Nc7 14. Bd2 Ng4 15. Rae1
Ne5 16. Nxe5 Bxe5 17. f4 Bg7 18. f5 gxf5 19. Bxf5 Bxf5 20. Rxf5 Rxf5 21. Qxf5
Bd4+ 22. Kh1 Be5 23. Bh6 Qe8 24. Re4 e6 25. Rg4+ Kh8 26. Qf3 Qe7 27. Bg5 Qf8
28. Bf4 Bxf4 29. Rxf4 Qh6 30. dxe6 Qxe6 31. Re4 Qd7 32. Qf6+ Kg8 33. Re7 Qg4
34. Qf7+ 1-0

[Event "14. Lichtenberger Sommer"]
[Site "14. Lichtenberger Sommer"]
[Date "2015.08.16"]
[Round "2.97"]
[White "Sauer, Jakob"]
[Black "Stiemerling, Andreas"]
[Result "1/2-1/2"]
[WhiteElo "1404"]
[BlackElo "1761"]
[PlyCount "100"]
[EventDate "2015.??.??"]
[WhiteTeam "Schachunion Berlin"]
[BlackTeam "SSV Rotation Berlin"]

1. e4 e6 2. d4 d5 3. exd5 exd5 4. Nc3 g6 5. h3 Bg7 6. Nf3 Ne7 7. Bg5 f6 8. Bf4
a6 9. Bd3 Bf5 10. Bxf5 Nxf5 11. Qe2+ Kf7 12. O-O-O Re8 13. Qd2 Nc6 14. g4 Nd6
15. Bxd6 Qxd6 16. Rde1 b6 17. Rxe8 Rxe8 18. Re1 Rxe1+ 19. Qxe1 Qf4+ 20. Qe3 Qd6
21. g5 Qe7 22. Qxe7+ Nxe7 23. gxf6 Bxf6 24. Ne5+ Ke6 25. f4 g5 26. Ne2 Ng6 27.
Nxg6 hxg6 28. c3 Kf5 29. fxg5 Bxg5+ 30. Kd1 Ke4 31. Ke1 Kf3 32. Kf1 Be3 33. b3
c5 34. a3 Bg5 35. b4 cxb4 36. cxb4 Bd2 37. Ng1+ Kg3 38. Ke2 Bc1 39. a4 b5 40.
axb5 axb5 41. Kd3 Bg5 42. Ne2+ Kxh3 43. Nc3 Be7 44. Nxd5 Bd6 45. Nc3 Bxb4 46.
Nxb5 g5 47. d5 g4 48. Nd4 Kg2 49. Ne2 Kf2 50. Ke4 Bd6 1/2-1/2

[Event "14. Lichtenberger Sommer"]
[Site "14. Lichtenberger Sommer"]
[Date "2015.08.16"]
[Round "2.98"]
[White "Pathasart, Somchay"]
[Black "Schilly, Hans-Joachim"]
[Result "1-0"]
[WhiteElo "1375"]
[BlackElo "1839"]
[PlyCount "45"]
[EventDate "2015.??.??"]
[WhiteTeam "vereinslos"]
[BlackTeam "SF Siemensstadt"]

1. d4 d5 2. c3 Nf6 3. Nf3 c6 4. Bf4 Qb6 5. Qc2 Bg4 6. Nbd2 Nbd7 7. Ne5 Nxe5 8.
Bxe5 e6 9. e4 dxe4 10. f3 exf3 11. Nxf3 Bf5 12. Bd3 Bxd3 13. Qxd3 Be7 14. Qc2
O-O 15. O-O c5 16. Ng5 g6 17. Bxf6 Bxf6 18. Rxf6 cxd4 19. Kh1 dxc3 20. bxc3
Rac8 21. Raf1 Qe3 22. Nxf7 Rxc3 23. Rxg6+ 1-0

[Event "14. Lichtenberger Sommer"]
[Site "14. Lichtenberger Sommer"]
[Date "2015.08.16"]
[Round "2.99"]
[White "Stein, Siegfried"]
[Black "Kaufmann, Matthias"]
[Result "1-0"]
[WhiteElo "1713"]
[BlackElo "1541"]
[PlyCount "83"]
[EventDate "2015.??.??"]
[WhiteTeam "SV Berolina Mitte"]
[BlackTeam "vereinslos"]

1. e4 c5 2. Nf3 g6 3. d4 Qb6 4. c3 Bg7 5. d5 d6 6. Nbd2 Nf6 7. Bd3 Ng4 8. Nc4
Qd8 9. h3 Nf6 10. a4 a5 11. O-O O-O 12. Be3 Nbd7 13. Qd2 b6 14. Bh6 Ba6 15.
Rae1 Bxc4 16. Bxc4 Ne8 17. Bxg7 Kxg7 18. Qg5 f6 19. Qg3 Ne5 20. Nd2 f5 21. exf5
Rxf5 22. Bb3 Rf8 23. f4 Nd7 24. Nf3 Nef6 25. Ng5 Nh5 26. Qe3 Qe8 27. Ne6+ Kg8
28. Nxf8 Kxf8 29. Bc2 Ndf6 30. c4 Qd7 31. f5 g5 32. Qxg5 Kf7 33. Re6 Rg8 34.
Qh6 Ng3 35. Rf2 Ngh5 36. Bd1 Ng7 37. g4 Qc8 38. Kh2 Nxe6 39. fxe6+ Ke8 40. g5
Rg6 41. Qh4 Ng8 42. Bh5 1-0

[Event "14. Lichtenberger Sommer"]
[Site "14. Lichtenberger Sommer"]
[Date "2015.08.16"]
[Round "2.100"]
[White "Nguyen Duc, Quang Nhat"]
[Black "Kretzschmar, Jan"]
[Result "1-0"]
[WhiteElo "1604"]
[BlackElo "1830"]
[PlyCount "67"]
[EventDate "2015.??.??"]
[WhiteTeam "SC Friesen Lichtenberg"]
[BlackTeam "SC Kreuzberg"]

1. e4 c5 2. Nc3 Nc6 3. f4 e6 4. Nf3 Nf6 5. Bb5 Nd4 6. Nxd4 cxd4 7. Ne2 Nxe4 8.
Nxd4 Qh4+ 9. Ke2 Qf2+ 10. Kd3 Qxf4 11. Rf1 Nf2+ 12. Ke2 Qxd4 13. Rxf2 Qe5+ 14.
Kf1 Qxb5+ 15. d3 Be7 16. c4 Qc5 17. Qg4 g5 18. Bd2 h5 19. Qf3 f5 20. Bc3 Rh7
21. b4 Qc7 22. Re1 Qxh2 23. Be5 f4 24. Qe4 Rf7 25. Qg6 Qh1+ 26. Ke2 Qh4 27. Kf1
a5 28. Qg8+ Rf8 29. Qg6+ Kd8 30. Bd4 Bd6 31. Qg7 Kc7 32. c5 Qh1+ 33. Ke2 f3+
34. gxf3 1-0

[Event "14. Lichtenberger Sommer"]
[Site "14. Lichtenberger Sommer"]
[Date "2015.08.16"]
[Round "2.101"]
[White "Lischeid, Kilian"]
[Black "Stoffel, Patrick"]
[Result "1-0"]
[WhiteElo "1652"]
[BlackElo "1310"]
[PlyCount "63"]
[EventDate "2015.??.??"]
[WhiteTeam "Schachunion Berlin"]
[BlackTeam "vereinslos"]

1. c4 Nf6 2. d4 c5 3. dxc5 Nc6 4. Nc3 Qa5 5. Nf3 e6 6. Bd2 Qxc5 7. e4 Qb6 8.
Na4 Qc7 9. Qc2 Nb4 10. Qb3 a5 11. a3 Na6 12. Bd3 Nc5 13. Nxc5 Bxc5 14. O-O Ng4
15. h3 Nxf2 16. Rxf2 Bxf2+ 17. Kxf2 O-O 18. Kg1 e5 19. Be3 Ra6 20. Qb5 d6 21.
Rc1 Bd7 22. Qb3 b6 23. c5 a4 24. Qb4 bxc5 25. Bxa6 Ra8 26. Bd3 Rb8 27. Qc3 Rb3
28. Qd2 Qb7 29. Rc2 Bc6 30. Bc4 Bxe4 31. Bxb3 Bxf3 32. Qxd6 1-0

[Event "14. Lichtenberger Sommer"]
[Site "14. Lichtenberger Sommer"]
[Date "2015.08.16"]
[Round "2.102"]
[White "Wahner, Eberhard"]
[Black "Albinus, Günter"]
[Result "0-1"]
[WhiteElo "1350"]
[BlackElo "1887"]
[PlyCount "52"]
[EventDate "2015.??.??"]
[WhiteTeam "SC Eintracht Berlin e.V."]
[BlackTeam "SG Weißensee 49"]

1. c4 Nf6 2. Nc3 c6 3. g3 d5 4. cxd5 cxd5 5. d4 Bf5 6. Bg2 e6 7. Nf3 Nc6 8. O-O
Be7 9. a3 h6 10. Nh4 Bh7 11. e3 O-O 12. Nf3 Rc8 13. Ne5 Nxe5 14. dxe5 Nd7 15.
f4 a6 16. e4 dxe4 17. Nxe4 Qb6+ 18. Kh1 Rfd8 19. Qg4 Rc2 20. Qf3 Qc7 21. b4 b5
22. g4 Qc4 23. Ng3 Bh4 24. Kg1 Nb6 25. f5 Qd5 26. Qe3 Qxg2# 0-1

[Event "14. Lichtenberger Sommer"]
[Site "14. Lichtenberger Sommer"]
[Date "2015.08.16"]
[Round "2.103"]
[White "Krüger, Ekkehard"]
[Black "Schmole-Rostosky, Joachim"]
[Result "1-0"]
[WhiteElo "1813"]
[BlackElo "1598"]
[PlyCount "96"]
[EventDate "2015.??.??"]
[WhiteTeam "Narva Berlin"]
[BlackTeam "SF SW Merzhausen"]

1. e4 e6 2. d4 d5 3. Nd2 Nf6 4. e5 Nfd7 5. f4 c5 6. Ndf3 Qb6 7. c3 Nc6 8. Ne2
Be7 9. Qc2 f6 10. Bd2 f5 11. a4 h6 12. h4 Nf8 13. Rc1 c4 14. Rb1 Na5 15. Nc1
Nb3 16. Nxb3 cxb3 17. Qd1 Bd7 18. Bd3 Bxa4 19. Qe2 Bc6 20. h5 a5 21. Nh4 a4 22.
g4 Bd7 23. gxf5 Bxh4+ 24. Rxh4 exf5 25. Kf2 Be6 26. Rhh1 Ra5 27. Kg3 Nd7 28. c4
O-O 29. Bxa5 Qxa5 30. c5 Nb8 31. Rhd1 Nc6 32. Bb5 Qb4 33. Bxc6 bxc6 34. Qa6 Rc8
35. Ra1 Qb5 36. Rxa4 Qxa6 37. Rxa6 Rc7 38. Rda1 Kf7 39. Ra7 Rxa7 40. Rxa7+ Kg8
41. Kh4 Kh7 42. Rc7 Kg8 43. Rxc6 Bf7 44. Rd6 Kh7 45. c6 g5+ 46. hxg6+ Bxg6 47.
Rxg6 Kh8 48. c7 Kh7 1-0

[Event "14. Lichtenberger Sommer"]
[Site "14. Lichtenberger Sommer"]
[Date "2015.08.16"]
[Round "2.104"]
[White "Lange, Johannes Friedrich"]
[Black "Casny, Guenter"]
[Result "0-1"]
[WhiteElo "1506"]
[BlackElo "1838"]
[PlyCount "138"]
[EventDate "2015.??.??"]
[WhiteTeam "Schachunion Berlin"]
[BlackTeam "SC Rochade (Berlin)"]

1. d4 Nf6 2. c4 g6 3. Nc3 Bg7 4. Nf3 O-O 5. e4 b6 6. Bd3 Bb7 7. O-O d6 8. Re1
c5 9. d5 Ng4 10. Bd2 Nd7 11. Bc2 Nge5 12. Qe2 Nxf3+ 13. Qxf3 Ne5 14. Qe2 Ba6
15. Bb3 Qc7 16. Bf4 Rad8 17. Bg5 h6 18. Bh4 g5 19. Bg3 Ng6 20. Nb5 Bxb5 21.
cxb5 Rde8 22. Rac1 Qd7 23. Bc4 Ne5 24. b3 Qg4 25. Qxg4 Nxg4 26. Be2 Ne5 27. h4
gxh4 28. Bxh4 Ng6 29. Bg3 Be5 30. Bh2 Bxh2+ 31. Kxh2 Nf4 32. g3 Nxe2 33. Rxe2
e5 34. Kg2 f5 35. Rh1 Kg7 36. Rh5 Kg6 37. Rxf5 Rxf5 38. exf5+ Kxf5 39. f3 a6
40. g4+ Kf6 41. bxa6 Ra8 42. Kg3 Rxa6 43. f4 Ra3 44. fxe5+ dxe5 45. d6 Ke6 46.
d7 Ra8 47. Rh2 Kxd7 48. Rxh6 b5 49. Rh7+ Kd6 50. Rh6+ Kd5 51. Rh2 c4 52. bxc4+
bxc4 53. g5 c3 54. g6 Rg8 55. Rc2 Kd4 56. Kf2 Rxg6 57. Ke2 e4 58. a4 Rg2+ 59.
Kd1 Rg1+ 60. Ke2 Ra1 61. a5 Rxa5 62. Rc1 Ra2+ 63. Ke1 e3 64. Rd1+ Rd2 65. Rxd2+
cxd2+ 66. Ke2 Ke4 67. Kd1 Kf3 68. Kc2 Ke2 69. Kc3 d1=Q 0-1

[Event "14. Lichtenberger Sommer"]
[Site "14. Lichtenberger Sommer"]
[Date "2015.08.16"]
[Round "2.105"]
[White "Lieder, Günter"]
[Black "Jiranek, Benno"]
[Result "1-0"]
[WhiteElo "1849"]
[BlackElo "1454"]
[PlyCount "99"]
[EventDate "2015.??.??"]
[WhiteTeam "SK Turm Bad Hersfeld"]
[BlackTeam "SC Kreuzberg"]

1. e4 e6 2. b3 d5 3. Bb2 dxe4 4. Nc3 Nf6 5. g4 h6 6. Qe2 Nc6 7. Nxe4 Nxe4 8.
Qxe4 Qd5 9. f3 Qxe4+ 10. fxe4 e5 11. h3 Bd7 12. Nf3 f6 13. O-O-O O-O-O 14. Bc4
Bd6 15. Nh4 Ne7 16. Nf5 Nxf5 17. gxf5 Rhe8 18. Rhg1 Re7 19. Rg3 b5 20. Be2 Rg8
21. Rdg1 Be8 22. Kb1 Bc5 23. R1g2 a6 24. a4 Kb7 25. axb5 axb5 26. Bc1 g5 27. h4
Kb6 28. d3 c6 29. hxg5 hxg5 30. Rh3 Ra7 31. Rh6 Bd7 32. Bb2 Rga8 33. Rg3 b4 34.
Kc1 Bd4 35. Bxd4+ exd4 36. Rxf6 Ra1+ 37. Kd2 Rh1 38. Rxg5 Rh2 39. Rgg6 Ra1 40.
Rh6 Rah1 41. Rxh2 Rxh2 42. Rf8 Rf2 43. Ke1 Rf4 44. Bh5 Kc7 45. Bg6 Kd6 46. Rh8
Rg4 47. Be8 Rg1+ 48. Kd2 Rg2+ 49. Kc1 Bc8 50. Rh6+ 1-0

[Event "14. Lichtenberger Sommer"]
[Site "14. Lichtenberger Sommer"]
[Date "2015.08.16"]
[Round "2.106"]
[White "Radjenovic, Branko"]
[Black "Lippianowski, Stefan"]
[Result "1-0"]
[WhiteElo "1813"]
[BlackElo "1152"]
[PlyCount "41"]
[EventDate "2015.??.??"]
[WhiteTeam "SK Dragojle Babic (Berlin)"]
[BlackTeam "SV Mattnetz Berlin"]

1. d4 d5 2. Nf3 Nc6 3. c4 e6 4. Nc3 Bb4 5. e3 Nf6 6. Bd3 Ne4 7. Qc2 Ng5 8. Nd2
f5 9. cxd5 exd5 10. O-O Be6 11. Bxf5 Qf6 12. Bxe6 Qxe6 13. Nb5 Kd7 14. a3 Bxd2
15. Bxd2 a6 16. Nc3 Ne7 17. Rac1 c6 18. Na4 Kc7 19. Ba5+ b6 20. Bxb6+ Kd7 21.
Nc5+ 1-0

[Event "14. Lichtenberger Sommer"]
[Site "14. Lichtenberger Sommer"]
[Date "2015.08.16"]
[Round "2.107"]
[White "Fock, Amina"]
[Black "Schneider, Eckehard"]
[Result "0-1"]
[WhiteElo "1621"]
[BlackElo "1780"]
[PlyCount "114"]
[EventDate "2015.??.??"]
[WhiteTeam "SK International Berlin"]
[BlackTeam "SF 1903 Berlin"]

1. e4 e6 2. d4 d5 3. e5 c5 4. c3 Nc6 5. Nf3 Qb6 6. Na3 cxd4 7. cxd4 Bxa3 8.
bxa3 Nge7 9. Be3 Nf5 10. Qd2 O-O 11. Be2 Bd7 12. O-O Nxe3 13. Qxe3 Rfc8 14.
Rab1 Qc7 15. Rfc1 Rab8 16. Bb5 Qd8 17. Bxc6 Bxc6 18. Qg5 Qxg5 19. Nxg5 h6 20.
Nf3 Kf8 21. h4 Ke7 22. a4 a5 23. g4 Kd7 24. Ne1 Bxa4 25. Nd3 Rxc1+ 26. Rxc1 b6
27. g5 Bb5 28. Nb2 hxg5 29. hxg5 Rh8 30. Kg2 Rh4 31. Rd1 Rg4+ 32. Kf3 Rxg5 33.
Ke3 Rh5 34. Rb1 Rh4 35. f3 Rh2 36. Nd1 Re2+ 37. Kf4 Bc6 38. Rxb6 Rd2 39. Nc3
Rxd4+ 40. Ke3 Rb4 41. Ra6 d4+ 42. Kd3 dxc3 43. Kxc3 Rf4 44. Rxa5 Rxf3+ 45. Kd4
Kc7 46. Rc5 Kb6 47. Rc1 Rf4+ 48. Kd3 f5 49. exf6 gxf6 50. Re1 e5 51. Rb1+ Kc5
52. Ke3 Rf3+ 53. Kd2 Rf2+ 54. Kc1 Rf1+ 55. Kb2 Rxb1+ 56. Kxb1 Kd4 57. Kc1 Ke3
0-1

[Event "14. Lichtenberger Sommer"]
[Site "14. Lichtenberger Sommer"]
[Date "2015.08.16"]
[Round "2.108"]
[White "Feyer, Leon"]
[Black "Ho, Ngoc Hai-Dang"]
[Result "1-0"]
[WhiteElo "1783"]
[BlackElo "1264"]
[PlyCount "53"]
[EventDate "2015.??.??"]
[WhiteTeam "SV Empor Berlin"]
[BlackTeam "Schachunion Berlin"]

1. e4 e5 2. Nf3 Nc6 3. Bb5 a6 4. Ba4 d6 5. O-O Nf6 6. Re1 b5 7. Bb3 Be6 8. c3
Be7 9. d4 Bxb3 10. axb3 exd4 11. cxd4 O-O 12. Bd2 d5 13. e5 Ne4 14. Nc3 Nxd2
15. Qxd2 b4 16. Na4 Na5 17. Qd3 Rc8 18. Nc5 Bxc5 19. Rxa5 Bb6 20. Rxa6 Ra8 21.
Rea1 Rxa6 22. Rxa6 c5 23. Qb5 Bc7 24. Qxc5 Qc8 25. Rc6 Qa8 26. Rxc7 g6 27. h3
1-0

[Event "14. Lichtenberger Sommer"]
[Site "14. Lichtenberger Sommer"]
[Date "2015.08.16"]
[Round "2.109"]
[White "Olaizola, Miguel"]
[Black "Ziegel, Mandy Marie"]
[Result "1-0"]
[WhiteElo "1804"]
[BlackElo "1582"]
[PlyCount "31"]
[EventDate "2015.??.??"]
[WhiteTeam "SK Zehlendorf"]
[BlackTeam "SC Zugzwang 95 (Berlin)"]

1. d4 d5 2. c4 e6 3. Nc3 Nf6 4. Nf3 Be7 5. Bg5 O-O 6. e3 b6 7. Bd3 c5 8. Bxf6
Bxf6 9. cxd5 exd5 10. dxc5 bxc5 11. Nxd5 Bxb2 12. Rb1 Be6 13. Rxb2 Qxd5 14. Qc2
h6 15. Be4 Qd6 16. Bxa8 1-0